Complete the film title (Steven Spielberg) - Statistics

General Stats
  • This quiz has been taken 62 times
  • The average score is 17 of 20
Answer Stats
Film Title % Correct
Catch Me If You {Can}
98%
Jurassic {Park}
98%
Schindler's {List}
98%
Raiders of the Lost {Ark}
96%
Saving Private {Ryan}
96%
West Side {Story}
96%
Indiana Jones and the Temple of {Doom}
94%
The Color {Purple}
94%
The Lost World: Jurassic {Park}
92%
Indiana Jones and the Last {Crusade}
90%
Close Encounters of the Third {Kind}
88%
A.I. Artificial {Intelligence}
84%
Indiana Jones and the Kingdom of the Crystal {Skull}
82%
Empire of the {Sun}
80%
Minority {Report}
80%
Ready Player {One}
78%
War of the {Worlds}
76%
The Sugarland {Express}
53%
Bridge of {Spies}
51%
War {Horse}
43%
No matching quizzes found
Score Distribution
Percent of People with Each Score
Percentile by Number Answered
Your Score History
You have not taken this quiz